000 01092nam a22002537a 4500
003 OSt
005 20250911163642.0
008 240222b ||||| |||| 00| 0 eng d
040 _c0
082 _aDPer 621.317 Ie21 May 2022 v. 37 n. 5
100 _aZhu, Xiaonan.
_eauthor.
_952929
245 _aA passive variable switching frequency SPWM concept and analysis for DCAC converter /
_cXiaonan Zhu, Hongliang Wang, Wenyuan Zhang, Hanzhe Wang, Xiaojun Deng, Wei Tang, and Xiumei Yue.
260 _aNew York ;
_bThe Institute of Electrical and Electronics Engineers, Inc. ,
_cMay 2022.
300 _aVolume 37, pages 5524-5534 :
_billustration ;
_c28 cm.
500 _aIEEE Transactions on Power Electronics, vol. 37, no. 5, pages 5524-5534, May 2022.
700 _aZhu, Xiaonan.
_eauthor.
_952929
700 _aWang, Hongliang.
_eauthor.
_952930
700 _aZhang, Wenyuan.
_eauthor.
_952931
700 _aWang, Hanzhe.
_eauthor.
_952932
700 _aDeng, Xiaojun.
_eauthor.
_952933
700 _aTang, Wei.
_eauthor.
_952934
700 _aYue, Xiumei.
_eauthor.
_952935
942 _2ddc
_cPER
999 _c19269
_d19269